000 01599cam a2200385 a 4500
001 9209059
003 ARRUPE
005 20130924175911.0
008 110708s2011 miu b 001 0 eng
010 _a 2011028360
020 _a9780801039638 (pbk.)
020 _a0801039630 (pbk.)
024 _a40020279095
035 _a(OCoLC)729346713
035 _a(OCoLC)ocn729346713
035 _a(NNC)9209059
040 _aDLC
_cDLC
_dYDX
_dBTCTA
_dYDXCP
_dXBE
_dDTM
_dCDX
042 _apcc
050 0 0 _aBS476
_b.G724 2011
082 0 0 _a220.601
_223
100 1 _aGreen, Joel B.,
_d1956-
_91141
245 1 0 _aPracticing theological interpretation :
_bengaging biblical texts for faith and formation /
_cJoel B. Green.
260 _aGrand Rapids, Mich. :
_bBaker Academic,
_cc2011.
300 _axiv, 146 p. ;
_c22 cm.
490 1 _aTheological explorations for the church Catholic
504 _aIncludes bibliographical references (p. 129-140) and indexes.
505 0 _aLiving faithfully in exile : who reads the Bible well? -- Neglecting widows and serving the word? : "history" and theological interpretation -- Scripture and classical Christology : the "rule of faith" and theological interpretation -- John Wesley, Wesleyans, and theological interpretation : learning from a premodern interpreter.
600 1 0 _aWesley, John,
_d1703-1791.
_91142
630 0 0 _aBible
_xHermeneutics.
_91143
630 0 0 _aBible
_xTheology.
_91144
830 0 _aTheological explorations for the church catholic.
_91145
942 _2lcc
_cMONOGRAPH
948 1 _a20120210
_bc
_csds12
_dMPS
999 _c118013
_d118013